000 00484nam a2200181Ia 4500
001 21416
005 20260306172917.0
008 260306t2002||||xx |||||||||||||| ||spa||
041 _aESP
082 _a344.83E
_bR31
100 _aReaño Peschiera, José Leandro
_eAUT
245 0 _aDerecho penal bursátil:
_bel delito de abuso de información privilegiada
260 _c2002
300 _a235 páginas :
_c20 cm.
650 _aGEN
654 _aCDE
942 _cLIB
_dJUS
_fJUS
_2ddc
_n
999 _c21416
_d21416